Zákon Č. .../2003 Z.z. z 23. apríla 2003, ...
Zákon Č. .../2003 Z.z. z 23. apríla 2003, ktorým sa mení a dopĺňa zákon Slovenskej národnej rady Č. 310/1992 Zb. o stavebnom sporení v znení neskorších predpisov a zákon Č. 483/2001 Z.z. o bankách a o zmene a doplnení niektorých zákonov v znení neskorších predpisov + Dôvodová správa. Zákon je uveden...
Guardado en:
| Formato: | Capítulo de libro |
|---|---|
| Lenguaje: | eslovaco |
| Materias: | |
| Etiquetas: |
Sin Etiquetas, Sea el primero en etiquetar este registro!
|
MARC
| LEADER | 00000naa a2200000 4500 | ||
|---|---|---|---|
| 001 | r048837 | ||
| 005 | 20230927071529.6 | ||
| 041 | 0 | |a slo | |
| 044 | |a SK | ||
| 245 | 1 | 0 | |a Zákon Č. .../2003 Z.z. z 23. apríla 2003, ... |
| 520 | |a Zákon Č. .../2003 Z.z. z 23. apríla 2003, ktorým sa mení a dopĺňa zákon Slovenskej národnej rady Č. 310/1992 Zb. o stavebnom sporení v znení neskorších predpisov a zákon Č. 483/2001 Z.z. o bankách a o zmene a doplnení niektorých zákonov v znení neskorších predpisov + Dôvodová správa. Zákon je uvedený v znení schválenom v NR SR ešte pred jeho zverejnením v Zbierke zákonov. | ||
| 610 | 2 | 0 | |a sporenie stavebné |
| 610 | 2 | 0 | |a sporiteľne stavebné |
| 610 | 2 | 0 | |a banky |
| 610 | 2 | 0 | |a zákony |